| 000 | 00447nmc a2200181 a 4500 | ||
|---|---|---|---|
| 003 | AR-X00000XY | ||
| 005 | 20251128212004.0 | ||
| 008 | 067020s1957 ||||||||||||||000 | spa|| | ||
| 040 | _cAR-X00000XY | ||
| 100 | 1 | _aBondoni, Osmar Luis | |
| 245 | 1 | 0 | _aPoemas |
| 260 |
_aBuenos Aires _bEdiciones poesÃa buenos aires _c1957 |
||
| 300 | 0 | _a23 p. | |
| 490 | 0 |
_aSentimiento del mundo _v9 |
|
| 655 | _aLITERATURA | ||
| 942 | _cBK | ||
| 998 | _cmartin | ||
| 999 |
_c21934 _d21934 |
||